Online Catalogue and eLibrary

Annotated index of the Articles in the journals of the royal asiaticsociety of Sri Lanka : (Record no. 3524)

MARC details
000 -LEADER
fixed length control field 00592nam a2200217Ia 4500
005 - DATE AND TIME OF LATEST TRANSACTION
control field 20250107004709.0
008 - FIXED-LENGTH DATA ELEMENTS--GENERAL INFORMATION
fixed length control field 240331s9999 xx 000 0 und d
020 ## - INTERNATIONAL STANDARD BOOK NUMBER
ISBN
082 ## - DDC Classification
Item Number - Author Mark ANN
Class No. 950
100 ## - MAIN ENTRY--PERSONAL NAME
Personal name Ariyapala, M.B. Co
245 #0 - TITLE STATEMENT
Title Annotated index of the Articles in the journals of the royal asiaticsociety of Sri Lanka :
Remainder of title 1845-1989
260 ## - PUBLICATION, DISTRIBUTION, ETC.
Place of publication, distribution, etc. Colombo
Name of publisher, distributor, etc. The Royal Asiatic Society of Sri Lanka
Date of publication, distribution, etc. 1989
300 ## - PHYSICAL DESCRIPTION
Extent (e.g. Volumes, Pages etc.) 332 p .,
650 ## - SUBJECT ADDED ENTRY--TOPICAL TERM
Topical term or geographic name entry element History
650 ## - SUBJECT ADDED ENTRY--TOPICAL TERM
Topical term or geographic name entry element Religion
650 ## - SUBJECT ADDED ENTRY--TOPICAL TERM
Topical term or geographic name entry element Literature
650 ## - SUBJECT ADDED ENTRY--TOPICAL TERM
Topical term or geographic name entry element Geology
650 ## - SUBJECT ADDED ENTRY--TOPICAL TERM
Topical term or geographic name entry element Botany
650 ## - SUBJECT ADDED ENTRY--TOPICAL TERM
Topical term or geographic name entry element Zoology
942 ## - Koha item type (Biblio)
Koha item type Books in Stacks (Lending)
Holdings
Lost status Damaged status Collection code Home library Current library Shelving location Date acquired Full call number Accession Number Item type
    Lending WERC Library WERC Library Social Science Cupboard 03/31/2024 950.05 ANN 464 Books in Stacks (Lending)

© WERC Library